Villes françaises de plus de 100 000 habitants - mort subite - Statistiques

Statistiques générales
  • Ce quiz a été pris 1 238 fois
  • Le résultat moyen est 6 sur 17
Answers on the Grid
Answers color-coded by a green-red scale on the quiz's grid according to % correct below.
Paris
Caen
Toulon
Chalons-sur-Saône
Toulouse
Argenteuil
La Rochelle
Vitry-sur-Seine
Avignon
Reims
Pau
Nancy
Tourcoing
Perpignan
Dunkerque
Ajaccio
Villeurbanne
Saint-Paul (Réunion)
Boulogne-Billancourt
Besançon
Cherbourg-en-Cotentin
Poitiers
Metz
Marseille
Limoges
Troyes
Fort-de-France
Roubaix
Annecy
Rouen
 
Statistiques - réponses
Réponse % Correct
Paris
99%
Toulouse
82%
Marseille
61%
Toulon
49%
Caen
43%
Reims
38%
Villeurbanne
34%
Rouen
29%
Nancy
28%
Metz
26%
Boulogne-Billancourt
21%
Limoges
19%
Perpignan
19%
Argenteuil
18%
Annecy
15%
Besançon
14%
Saint-Paul (Réunion)
8%
Aucun quiz correspondant
Distribution des résultats
% des personnes avec chaque résultat
Percentile par nombre de réponses
Votre historique - résultats
Vous n’avez pas pris ce quiz